LIBRARY ONLINE CATALOGUE

Education and the development of reason / (Record no. 2131)

MARC details
000 -LEADER
fixed length control field 00656nam a22002052 4500
001 - CONTROL NUMBER
control field 0000003529
005 - DATE AND TIME OF LATEST TRANSACTION
control field 20151217145735.0
008 - FIXED-LENGTH DATA ELEMENTS--GENERAL INFORMATION
fixed length control field 070509s xx 000 0 eng d
020 ## - INTERNATIONAL STANDARD BOOK NUMBER
International Standard Book Number 0710072013 :
040 ## - CATALOGING SOURCE
Original cataloging agency KABU
Transcribing agency KABU
050 #0 - LIBRARY OF CONGRESS CALL NUMBER
Classification number LB41
Item number .E38
245 10 - TITLE STATEMENT
Title Education and the development of reason /
Statement of responsibility, etc. edited by R. F. Dearden, P. H. Hirst and R. S. Peters.
260 ## - PUBLICATION, DISTRIBUTION, ETC. (IMPRINT)
Place of publication, distribution, etc. London :
Name of publisher, distributor, etc. Routledge & Kegan,
Date of publication, distribution, etc. 1972.
300 ## - PHYSICAL DESCRIPTION
Extent xiv, 536 p.
650 #0 - SUBJECT ADDED ENTRY--TOPICAL TERM
Topical term or geographic name as entry element Education
General subdivision Philosophy
-- Addresses, essays, lectures.
-- 0000153509
700 1# - ADDED ENTRY--PERSONAL NAME
Personal name Dearden, R. F.
-- 0000153510
908 ## - PUT COMMAND PARAMETER (RLIN)
Put command parameter 070509
950 ## - LOCAL HOLDINGS (RLIN)
-- 1
Holdings
Withdrawn status Lost status Source of classification or shelving scheme Not for loan Home library Current library Date acquired Total Checkouts Full call number Barcode Date last seen Date last checked out Price effective from Koha item type
    Library of Congress Classification   Kabarak, Main Campus Kabarak, Main Campus 17/12/2015 1 LB41 .E38 010423 23/02/2018 12/02/2018 17/12/2015 General Collection